000 00783nam a22002657a 4500
001 69644
003 DO-SdBNP
005 20180207114553.0
007 69644
008 020412s1999 sp | ||| ||spa
016 7 _2BPMSU
020 _a8481301809
040 _aBPMSU
_bspa
_cBPMSU
100 1 _aDelibes, Miguel,
_d1920-2010.
245 1 4 _aLos santos inocentes /
_cMiguel Delibes ; prólogo de Santos Sanz Villanueva
260 _aMadrid:
_bMilenium,
_c1999
300 _a94 p. ;
_c22 cm
490 1 _aMilenium. Las 100 joyas del milenio
_v64
490 1 _aBiblioteca El mundo
830 0 _pMilenium. Las 100 joyas del milenio
_v64
830 0 _pBiblioteca El mundo
942 _2ddc
_cBK
945 _aInventariado, 2018 /LP
956 _aVMATEO
_210
_320151113
_6BPMSU
_800151
999 _c8701
_d8701